| 000 | 00685nam a2200205Ia 4500 | ||
|---|---|---|---|
| 003 | Ost | ||
| 005 | 20260507075121.0 | ||
| 008 | 260507s9999||||xx |||||||||||||| ||und|| | ||
| 040 | _cfsecg | ||
| 041 | _aara | ||
| 082 | _a330 | ||
| 100 |
_aالكبيسى، عامر _eمؤلف |
||
| 245 | 0 |
_aالفساد والعولمة / _c عامر الكبيسى |
|
| 260 |
_aد.م: _bالمكتب الجامعي الحديث, _c2005 |
||
| 300 |
_a185 صفحة؛ _c24 سم |
||
| 520 | _aالفساد تحت المجهر-الفساد العالمي الجديد-العولمة والفساد بين التوافق. | ||
| 653 | _aالعولمة | ||
| 653 | _aالفساد | ||
| 942 | _cكتاب | ||
| 999 |
_c43085 _d43085 |
||